000 00393nam a2200169Ia 4500
001 23229
003 IN-NITTTR
005 20251114233301.0
008 251113s9999||||xx |||||||||||||| ||eng||
040 _beng
040 _cIN-NITTTR
041 _aeng
082 _a670.427 P249F
100 _aParrish, David J.
245 0 _aFlexible manufacturing. /
_cParrish, David J.
942 _2ddc
_cBK
999 _c25858
_d25858